书目信息 |
| 题名: |
领导干部一定要讲正气
|
|
| 作者: | 刘海藩 主编 | |
| 分册: | ||
| 出版信息: | 北京 中共中央党校出版社 1999.02 |
|
| 页数: | 219页 | |
| 开本: | 32开 | |
| 丛书名: | ||
| 单 册: | ||
| 中图分类: | D261.3 | |
| 科图分类: | ||
| 主题词: | 中国共产党 | |
| 电子资源: | ||
| ISBN: | 7-5035-1927-4 | |
| 000 | 00577nam0 2200193 45 | |
| 001 | 0010050944 | |
| 005 | 20001005100041.5 | |
| 010 | @a7-5035-1927-4@d14.00元 | |
| 100 | @a20001005d1999 km y0chiy0120 ea | |
| 101 | 0 | @achi |
| 105 | @a z 000yy | |
| 200 | 1 | @a领导干部一定要讲正气@ALing Dao Gan Bu Yi Ding Yao Jiang Zheng Qi@f刘海藩主编@FLiu Hai Fan Zhu Bian |
| 210 | @a北京@c中共中央党校出版社@d1999.02 | |
| 215 | @a219页@d32开 | |
| 606 | 0 | @a中国共产党 |
| 690 | @aD261.3@v3 | |
| 701 | 0 | @a刘海藩@4主编 |
| 801 | @aCN@bPftUser@c20001005 | |
| 905 | @b166196-197@dD261.3@eL658@f2 | |
| 领导干部一定要讲正气/刘海藩主编.-北京:中共中央党校出版社,1999.02 |
| 219页;32开 |
| ISBN 7-5035-1927-4:14.00元 |
| ● |
| 相关链接 |
|
|
|
正题名:领导干部一定要讲正气
索取号:D261.3/L658
 
预约/预借
| 序号 | 登录号 | 条形码 | 馆藏地/架位号 | 状态 | 备注 |
| 1 | 166196 | 201661969 | 社科库509/509社科库 69排5列1层/ [索取号:D261.3/L658] | 在馆 | |
| 2 | 166197 | 201661978 | 社科库509/509社科库 69排5列1层/ [索取号:D261.3/L658] | 在馆 |